00588nam a2200169Ia 450000500170000000800410001704000530005804100080011110000430011924500650016226000580022730000170028549000460030265000250034865000230037365000220039620211110120009.0130821s1950 ck gr spa  aCo-BoUCMbspacSaul Niño (Modificó)d[Nuevo]00aspa10aBernández, Francisco Luisd1900-197810aPoemas de Francisco L. BernárdezcFrancisco Luis Bernardez aMedellín (Antioquia, Colombia)bHorizontesc[1950?] a40 páginas0 aEl Arco y la Lira; Poesía de Siemprev504aLiteratura argentina04aPoesía argentina04aPoesía lírica